Responses for Show #7181 - Monday, November 30, 2015

Contestants

[<< previous game]

Joyce Hshieh, an actress and writer from Chicago, Illinois

Elaine Baker, a home health caregiver from Garland, Texas

Rob Russell, a tutoring and testing director from Johnson City, Tennessee (whose 2-day cash winnings total $43,600)

[next game >>]

Jeopardy! Round responses

KIDNAPPING
NEW TOURIST SLOGANS FOR ISLANDS?
PHOTOGRAPHY
THAT ONE SONG
MIDDLE "D"
(Alex: The "D" coming up in the middle of each correct response.)
THE J. GUYS BAND
    $200 18
Cuba

Elaine
    $200 11
the eye

Elaine
    $200 1
Britney Spears

Rob
    $200 3
India

Elaine
    $200 9
J. Edgar Hoover

Elaine
    $400 23
Coors

Joyce
    $400 19
Ellis Island

Rob
    $400 12
Kodak

Joyce
    $400 2
Bites The Dust

Elaine
    $400 4
a swordfish

Joyce
    $400 10
(Joyce: Uh, what is a... a life saver?)

(a bar of) soap

ElaineJoyce
    $600 24
(Jean Paul) Getty

Rob
    $600 20
Madagascar

Joyce
    $600 15
John Lennon

Elaine
    $600 6
(Elaine: Uh, who are The Doobie Brothers?)

the Eagles

RobElaine
    $600 5
cedar

Joyce
    $800 25
12 Years a Slave

Joyce
    $800 21
(Alex: Right, with a minute to go.)

Hong Kong

Elaine
    $300 16
(Elaine: I don't know. What is...
(Alex: Yeah?)
(Elaine: iPhone?)

Shutterfly

Elaine
    $800 7
"I'm the Only One"

Triple Stumper
    $800 13
an ode

Elaine
    $1000 26
[The end-of-the-round signal sounds.]

the Praetorian Guard

Rob
    $1000 22
Sicily

Elaine
    $1000 17
National Geographic

Triple Stumper
    $1000 8
(Rob: What is A Kiss?)
(Elaine: What is One Kiss?)
(Joyce: What is One Last Kiss Goodbye?)

One Last Kiss

RobElaineJoyce
Triple Stumper
    $1000 14
the Academy

Joyce

Scores at the first commercial break (after clue 14):

Rob Elaine Joyce
-$200 $600 $1,000

Scores at the end of the Jeopardy! Round:

Rob Elaine Joyce
$1,800 $2,900 $2,800

Double Jeopardy! Round responses

KID, NAPPING
MOVIE ROMANCES
PHYSICISTS
WORDS THAT SHOULD RHYME
(Alex: ...or you think should rhyme. I'll give you example--silo and kilo. You think they should rhyme, but they don't.)
2 FOR THE LITERARY TAKING
THE NATIONAL STATUARY HALL COLLECTION
    $400 1
Paris

Joyce
    $400 16
Ghost

Joyce
    $400 2
the theory of relativity

Joyce
    $400 21
doe & shoe

Joyce
    $400 7
Two Gentlemen of Verona

Elaine
    $400 25
[The end-of-round signal sounds.]

Massachusetts

Rob
    $800 12
guardian angels

Elaine
    $800 17
Autumn

Joyce
    $800 3
the speed of light

Joyce
    $800 22
(Alex: With less than a minute now.)

solar & scholar

Joyce
    $800 8
the Hardy Boys

Rob
    $1200 13
Fantine

Joyce
    $1200 18
Moonstruck

Elaine
    $1200 4
(Rob: What is its nucleus?)

empty space

Rob
Triple Stumper
    $1200 23
(Elaine: Uh... what is... [Beep] A bur--)

reward & steward

RobElaine
    $1200 9
(Joyce: Uh... what is The Hobbit?)
(Rob: What is The Lord of the Rings?)
(Alex: Be more specific.)
(Rob: What is The Return of the King?)

The Two Towers

RobJoyce
Triple Stumper
    $1600 14
Thomas Nast

Rob
    $1600 19
Endless Love

Triple Stumper
    $2,000 5
(Joyce: Who is Kelvin?)
...
(Alex: So you lost a bit. You're in second place. Go again. Take a deep breath.)
[Joyce chuckles.]
(Alex: That's it. Relax. Go.)

Fahrenheit

Joyce
    $2,000 24
(Rob: What is a [*] and foilage?)
(Alex: Oh, Rob, "[*]" is correct, but your mispronunciation of "[**]" is enough for our judges to rule against you, so it's gonna cost you. But pick again. We're running out of time.)

mirage & foliage

Rob
    $1600 10
The Thin Man

Rob
    $2000 15
Napoléon

Rob
    $2000 20
(Rob: What is The Bridesmaid?)

Made of Honor

Rob
Triple Stumper
    $2000 6
Max Planck

Triple Stumper
    $2000 11
Jacob & Wilhelm

Triple Stumper

Scores at the end of the Double Jeopardy! Round:

Rob Elaine Joyce
$3,000 $4,100 $4,800

[wagering suggestions for these scores]

Final Jeopardy! Round responses

U.S. HISTORY
(Alex: [To Joyce] George Washington directly elected by the Electoral College.)
RobWhat is 1797 1787
$2,999
ElaineWhat is 1841
$701
JoyceWhat is 1789
$3,401
1789

Final scores:

Rob Elaine Joyce
$1 $3,399 $8,201
3rd place: $1,000 2nd place: $2,000 New champion: $8,201

Game dynamics:

Coryat scores:

Rob Elaine Joyce
$5,000 $4,400 $6,800
11 R,
5 W
(including 1 DD)
13 R,
4 W
(including 1 DD)
15 R,
4 W
(including 1 DD)

Combined Coryat: $16,200

[game clues] [game scores] [suggest correction]

Game tape date: Unknown
The J! Archive is created by fans, for fans. Scraping, republication, monetization, and malicious use prohibited; this site may use cookies and collect identifying information. See terms. The Jeopardy! game show and all elements thereof, including but not limited to copyright and trademark thereto, are the property of Jeopardy Productions, Inc. and are protected under law. This website is not affiliated with, sponsored by, or operated by Jeopardy Productions, Inc. Join the discussion at JBoard.tv.